Instituciones de Derecho Civil / (Registro nro. 56374)

Detalles MARC
000 -LEADER
campo de control de longitud fija 00595nam a2200205 i 4500
001 - NÚMERO DE CONTROL
campo de control 56374
003 - IDENTIFICADOR DE NÚMERO DE CONTROL
campo de control ES-MaACL
005 - FECHA Y HORA DE LA ÚLTIMA TRANSACCIÓN
campo de control 20250811063135.0
007 - CAMPO FIJO DE DESCRIPCIÓN FÍSICA--INFORMACIÓN GENERAL
campo de control de longitud fija t|
008 - DATOS DE LONGITUD FIJA--INFORMACIÓN GENERAL
campo de control de longitud fija 031008s1974 sp ||||1| spa d
100 1# - ENTRADA PRINCIPAL--NOMBRE DE PERSONA
Nombre de persona Díez-Picazo, Luis,
Fechas asociadas al nombre 1931-
9 (RLIN) 156922
245 10 - MENCIÓN DEL TÍTULO
Título Instituciones de Derecho Civil /
Mención de responsabilidad, etc. Luis Díez-Picazo y Antonio Gullón.
250 ## - MENCION DE EDICION
Mención de edición [1ª ed., reimp.].
260 ## - PUBLICACIÓN, DISTRIBUCIÓN, ETC.
Lugar de publicación, distribución, etc. Madrid :
Nombre del editor, distribuidor, etc. Tecnos,
Fecha de publicación, distribución, etc. 1974.
300 ## - DESCRIPCIÓN FÍSICA
Extensión 1 v. ;
Dimensiones 24 cm.
500 ## - NOTA GENERAL
Nota general Es el vol. 1.
700 1# - ENTRADA AGREGADA--NOMBRE PERSONAL
Nombre de persona Gullón, Antonio.
9 (RLIN) 60934
852 ## - LOCALIZACIÓN
Ubicación ES-MaACL
Número de control de estantería L-11407
Sublocalización o colección R.93141
Existencias
Estatus retirado Estado de pérdida Estado de daño No para préstamo Biblioteca de origen Biblioteca actual Ubicación en estantería Fecha de adquisición Fuente de adquisición Total de préstamos Signatura topográfica completa Código de barras Visto por última vez Precio de reemplazo Tipo de ítem Koha
        Biblioteca del Ateneo de Madrid Biblioteca del Ateneo de Madrid Depósito 2 17/01/2008     L-11407 1059212 23/02/2023 23/02/2023 Libro impreso